[Event "18. Copenhagen Open (Politiken Cup)"]
[Site "Brondby"]
[Date "1996.??.??"]
[Round "8"]
[White "Emms, John"]
[Black "Akesson, Ralf"]
[Result "1/2-1/2"]
[WhiteElo "2500"]
[BlackElo "2505"]
[PlyCount "113"]
[EventDate "1996.??.??"]
[EventType "swiss"]
[EventRounds "11"]
[EventCountry "DEN"]
[SourceDate "2004.01.01"]

1. e4 c5 2. c3 d5 3. exd5 Qxd5 4. d4 e6 5. Nf3 Nf6 6. Be3 cxd4 7. cxd4 Nc6 8.
Nc3 Qd6 9. a3 Be7 10. Bd3 O-O 11. O-O b6 12. Qe2 Bb7 13. Rad1 Rad8 14. Bg5 g6
15. Bc4 Rfe8 16. Rfe1 Nd5 17. Nxd5 exd5 18. Bb5 f6 19. Bd2 Kf7 20. Bb4 Qd7 21.
Bxe7 Rxe7 22. Qd2 Rde8 23. Rxe7+ Rxe7 24. Qf4 Kg7 25. Rc1 Qc7 26. Qd2 Qd6 27.
h3 Nd8 28. Bd3 Rc7 29. Rxc7+ Qxc7 30. Qe3 Qd6 31. Nh2 Bc8 32. Nf1 Ne6 33. Ng3
Qf4 34. Ne2 Qxe3 35. fxe3 Nc7 36. Kf2 Ba6 37. Bxa6 Nxa6 38. Nf4 Nc7 39. g4 Kf7
40. Kf3 g5 41. Ne2 Ne8 42. Nc3 Ke6 43. b3 Nd6 44. a4 a6 45. e4 dxe4+ 46. Nxe4
Ne8 47. Ke3 Nc7 48. Kd3 Nd5 49. Kc4 Ne3+ 50. Kd3 Nd5 51. a5 bxa5 52. Kc4 Ne3+
53. Kc5 h6 54. Kc6 Nc2 55. Kc5 Ne3 56. Kc6 Nc2 57. Kc5 1/2-1/2

[Event "18. Copenhagen Open (Politiken Cup)"]
[Site "Brondby"]
[Date "1996.??.??"]
[Round "8"]
[White "Gabrielsen, Stig"]
[Black "Hansen, Gunnar West"]
[Result "1-0"]
[WhiteElo "2175"]
[BlackElo "2295"]
[PlyCount "67"]
[EventDate "1996.??.??"]
[EventType "swiss"]
[EventRounds "11"]
[EventCountry "DEN"]
[SourceDate "2004.01.01"]

1. e4 c6 2. d4 d5 3. Nc3 dxe4 4. Nxe4 Nf6 5. Nxf6+ gxf6 6. c3 Rg8 7. Nf3 Bg4 8.
Be2 Qc7 9. Qc2 Nd7 10. Qxh7 Rg7 11. Qc2 e6 12. g3 O-O-O 13. Bh6 Rg8 14. Bxf8
Rdxf8 15. O-O-O Qa5 16. Kb1 b5 17. d5 Bxf3 18. dxe6 Bxh1 19. exd7+ Kb7 20. Rxh1
Qc7 21. Rd1 Rd8 22. Qd3 Rg5 23. Bf3 a6 24. h4 Rgg8 25. Be4 Qe5 26. Qf3 Qe6 27.
Bf5 Qe5 28. Kc2 Kc7 29. Rd2 Rh8 30. h5 Rh6 31. g4 Rhh8 32. Re2 Qd6 33. Qe3 Qd5
34. Qa7+ 1-0

[Event "18. Copenhagen Open (Politiken Cup)"]
[Site "Brondby"]
[Date "1996.??.??"]
[Round "8"]
[White "Glek, Igor"]
[Black "Djurhuus, Rune"]
[Result "0-1"]
[WhiteElo "2635"]
[BlackElo "2505"]
[PlyCount "93"]
[EventDate "1996.??.??"]
[EventType "swiss"]
[EventRounds "11"]
[EventCountry "DEN"]
[SourceDate "2004.01.01"]

1. e4 e6 2. d4 d5 3. Nc3 Bb4 4. exd5 exd5 5. Bd3 Nc6 6. a3 Bxc3+ 7. bxc3 Nge7
8. Qh5 Be6 9. Rb1 b6 10. Nf3 Qd7 11. Ng5 O-O-O 12. Nxe6 Qxe6+ 13. Be3 g6 14.
Qf3 Nf5 15. O-O Nxe3 16. Rfe1 Qd6 17. fxe3 f5 18. c4 dxc4 19. Bxc4 Kb8 20. Bb5
Na5 21. c4 f4 22. c5 Qf8 23. Rb4 fxe3 24. Qxe3 Qf7 25. Reb1 Rhf8 26. Qe1 Qf6
27. Ra4 Nb7 28. c6 Rxd4 29. Qe3 Rxa4 30. Bxa4 Nd6 31. Rd1 a6 32. h3 Qf4 33.
Qxf4 Rxf4 34. Bb3 b5 35. Bg8 h6 36. Re1 Rf6 37. Re7 Nc4 38. Rh7 g5 39. Bd5 Nxa3
40. Kh2 Nc4 41. Kg3 a5 42. h4 gxh4+ 43. Kxh4 a4 44. Rh8+ Ka7 45. Rc8 Kb6 46. g4
a3 47. Ra8 0-1

[Event "18. Copenhagen Open (Politiken Cup)"]
[Site "Brondby"]
[Date "1996.??.??"]
[Round "8"]
[White "Hammes, Frank"]
[Black "Stuart, E Leslie"]
[Result "1/2-1/2"]
[WhiteElo "2190"]
[BlackElo "2050"]
[PlyCount "40"]
[EventDate "1996.??.??"]
[EventType "swiss"]
[EventRounds "11"]
[EventCountry "DEN"]
[SourceDate "2004.01.01"]

1. c4 c5 2. Nf3 Nf6 3. g3 b6 4. Bg2 Bb7 5. O-O d6 6. Nc3 e6 7. Re1 Be7 8. e4 a6
9. d4 cxd4 10. Nxd4 Qc7 11. Qe2 Nbd7 12. Nc2 O-O 13. Bd2 Rac8 14. b3 Qb8 15.
Rac1 Qa8 16. h3 Rfd8 17. Kh2 Nc5 18. f3 Re8 19. Be3 Qb8 20. Nd4 Bf8 1/2-1/2

[Event "18. Copenhagen Open (Politiken Cup)"]
[Site "Brondby"]
[Date "1996.??.??"]
[Round "8"]
[White "Hansen, Sune Berg"]
[Black "Hansen, Lars Bo"]
[Result "1/2-1/2"]
[WhiteElo "2495"]
[BlackElo "2565"]
[PlyCount "72"]
[EventDate "1996.??.??"]
[EventType "swiss"]
[EventRounds "11"]
[EventCountry "DEN"]
[SourceDate "2004.01.01"]

1. e4 c6 2. d4 d5 3. exd5 cxd5 4. c4 Nf6 5. Nc3 e6 6. Nf3 Be7 7. cxd5 Nxd5 8.
Bd3 Nc6 9. O-O O-O 10. Re1 Bf6 11. Be4 Nce7 12. Qd3 h6 13. Ne5 Nxc3 14. bxc3
Bxe5 15. dxe5 Qxd3 16. Bxd3 Bd7 17. Ba3 Rfe8 18. Rad1 Ba4 19. Rd2 Rac8 20. c4
b6 21. Bd6 Nf5 22. Bxf5 exf5 23. Rc1 f6 24. f4 Bc6 25. Rd3 Be4 26. Ra3 a5 27.
h4 Rc6 28. c5 Kf7 29. h5 Rec8 30. Rcc3 Bd5 31. Rg3 Ra8 32. cxb6 Rxb6 33. Rg6 a4
34. Rag3 Rg8 35. a3 Rb3 36. Kh2 Rxg3 1/2-1/2

[Event "18. Copenhagen Open (Politiken Cup)"]
[Site "Brondby"]
[Date "1996.??.??"]
[Round "8"]
[White "Hartvig, Ove Weiss"]
[Black "Nedberg, Benjamin S"]
[Result "0-1"]
[WhiteElo "2300"]
[BlackElo "2100"]
[PlyCount "68"]
[EventDate "1996.??.??"]
[EventType "swiss"]
[EventRounds "11"]
[EventCountry "DEN"]
[SourceDate "2004.01.01"]

1. e4 e6 2. d3 d5 3. Nd2 Nf6 4. g3 b6 5. Bg2 Bb7 6. e5 Nfd7 7. Ngf3 c5 8. O-O
Nc6 9. Re1 Qc7 10. Qe2 Be7 11. Nf1 O-O-O 12. h4 h6 13. Bf4 Rdg8 14. Qd2 Qd8 15.
h5 g5 16. hxg6 fxg6 17. Bh3 Nf8 18. g4 g5 19. Bh2 Ng6 20. c3 Rf8 21. Bg2 Nf4
22. Bxf4 Rxf4 23. Ng3 Rxg4 24. Bh3 Rf4 25. Bxe6+ Kb8 26. Nh2 h5 27. Ne2 Rff8
28. d4 g4 29. dxc5 Bxc5 30. Rf1 Qh4 31. Nd4 Nxe5 32. Qe3 Nf3+ 33. Nhxf3 gxf3
34. Nxf3 Rhg8+ 0-1

[Event "18. Copenhagen Open (Politiken Cup)"]
[Site "Brondby"]
[Date "1996.??.??"]
[Round "8"]
[White "Hector, Jonny"]
[Black "Rowson, Jonathan"]
[Result "1-0"]
[WhiteElo "2520"]
[BlackElo "2415"]
[PlyCount "81"]
[EventDate "1996.??.??"]
[EventType "swiss"]
[EventRounds "11"]
[EventCountry "DEN"]
[SourceDate "2004.01.01"]

1. e4 c5 2. Nf3 d6 3. d4 Nf6 4. Nc3 cxd4 5. Nxd4 a6 6. Bg5 e6 7. f4 Be7 8. Qf3
Qc7 9. O-O-O Nbd7 10. g4 b5 11. Bxf6 Nxf6 12. a3 Nd7 13. Bg2 O-O 14. e5 d5 15.
Nf5 Nb6 16. Nxe7+ Qxe7 17. g5 b4 18. Nb1 Bd7 19. Rd3 bxa3 20. Nxa3 f6 21. Qe3
Rab8 22. Rb3 fxg5 23. Rxb6 gxf4 24. Qf2 Rxb6 25. Qxb6 Qg5 26. Bf3 Qxe5 27. Rd1
Be8 28. Qc5 Bg6 29. Nc4 Qf5 30. Nd6 Qh3 31. Be2 Qe3+ 32. Qxe3 fxe3 33. Re1 Rf2
34. h4 h5 35. Nb7 Bf5 36. Nc5 a5 37. Bd3 d4 38. Bxf5 exf5 39. Ne6 Rh2 40. Nxd4
g6 41. Nf3 1-0

[Event "18. Copenhagen Open (Politiken Cup)"]
[Site "Brondby"]
[Date "1996.??.??"]
[Round "8"]
[White "Henriksen, Bo"]
[Black "Persson, Richard"]
[Result "1-0"]
[WhiteElo "2080"]
[BlackElo "2140"]
[PlyCount "131"]
[EventDate "1996.??.??"]
[EventType "swiss"]
[EventRounds "11"]
[EventCountry "DEN"]
[SourceDate "2004.01.01"]

1. e4 e6 2. Nf3 d5 3. e5 c5 4. b4 cxb4 5. d4 Ne7 6. a3 Nec6 7. axb4 Bxb4+ 8. c3
Be7 9. Bd3 a6 10. O-O Bd7 11. Ne1 h5 12. Qc2 Qb6 13. Nd2 Na7 14. Rb1 Qc7 15. f4
g6 16. Nef3 Rg8 17. Ng5 Bb5 18. Bb2 Bxd3 19. Qxd3 b5 20. h3 Nd7 21. Ra1 Qb6 22.
g4 hxg4 23. hxg4 Bxg5 24. fxg5 Nxe5 25. Qe3 Nd7 26. Qf4 Rg7 27. Ba3 O-O-O 28.
Nb3 Rh7 29. Bc5 Nxc5 30. Nxc5 a5 31. Qf6 Qc7 32. Qf4 Rd6 33. Rxa5 Qxa5 34. Qxd6
Qc7 35. Qf8+ Qd8 36. Rxf7 Qxf8 37. Rxf8+ Kc7 38. Nxe6+ Kd6 39. Nc5 Kc6 40. Rf6+
Kc7 41. Rxg6 Rh4 42. Rg7+ Kb8 43. Kf2 Rxg4 44. Kf3 Rg1 45. Na6+ Ka8 46. Nc7+
Kb8 47. Nxd5 Nc6 48. Ke4 Rg3 49. g6 Rg5 50. Nb4 Na5 51. Kf4 Rg1 52. Ke5 Nc4+
53. Ke6 Re1+ 54. Kd5 Re3 55. Nc6+ Kc8 56. Na7+ Kd8 57. Nxb5 Nb6+ 58. Kc5 Re6
59. d5 Rf6 60. Rg8+ Kd7 61. g7 Rg6 62. Rb8 Nc8 63. Rb7+ Ke8 64. g8=Q+ Rxg8 65.
Nd6+ Nxd6 66. Rb8+ 1-0

[Event "18. Copenhagen Open (Politiken Cup)"]
[Site "Brondby"]
[Date "1996.??.??"]
[Round "8"]
[White "Hillarp Persson, Tiger"]
[Black "Ward, Christopher"]
[Result "1-0"]
[WhiteElo "2410"]
[BlackElo "2505"]
[PlyCount "79"]
[EventDate "1996.??.??"]
[EventType "swiss"]
[EventRounds "11"]
[EventCountry "DEN"]
[SourceDate "2004.01.01"]

1. d4 d5 2. c4 dxc4 3. e3 g6 4. Bxc4 Bg7 5. Qb3 Nh6 6. Nf3 O-O 7. O-O Nc6 8.
Be2 e5 9. d5 Na5 10. Qa3 b6 11. e4 f6 12. Nc3 Nf7 13. Re1 a6 14. b4 Nb7 15. Qb3
Nfd6 16. a4 a5 17. h3 axb4 18. Qxb4 Rf7 19. Bf1 Bf8 20. Qb1 Nc5 21. Be3 Ra5 22.
Nd2 Bd7 23. Qc2 Qe8 24. Nc4 Nxc4 25. Bxc4 Bd6 26. Bb5 Qa8 27. Bxd7 Rxd7 28. Rf1
Qa6 29. Bd2 Qc4 30. Rfb1 Rd8 31. Qa2 Qxa2 32. Rxa2 Rda8 33. f3 Nxa4 34. Nb5
R5a6 35. Be3 Kf7 36. Kh2 Ke7 37. Nxd6 Kxd6 38. Rba1 Kd7 39. Rc1 b5 40. Rac2 1-0

[Event "18. Copenhagen Open (Politiken Cup)"]
[Site "Brondby"]
[Date "1996.??.??"]
[Round "8"]
[White "Hoi, Carsten"]
[Black "Nilssen, John Arni"]
[Result "1/2-1/2"]
[WhiteElo "2435"]
[BlackElo "2275"]
[PlyCount "100"]
[EventDate "1996.??.??"]
[EventType "swiss"]
[EventRounds "11"]
[EventCountry "DEN"]
[SourceDate "2004.01.01"]

1. d4 d5 2. Nf3 Bf5 3. Bf4 e6 4. e3 Bd6 5. Bxd6 Qxd6 6. c4 c6 7. Nc3 Nd7 8.
cxd5 exd5 9. Bd3 Bxd3 10. Qxd3 Ngf6 11. O-O O-O 12. b4 b5 13. a4 bxa4 14. Rfb1
Rfb8 15. Rxa4 Nb6 16. Ra6 Nc4 17. h3 Rb6 18. Rba1 Rxb4 19. Rxa7 Rxa7 20. Rxa7
Qb8 21. Ra1 Rb3 22. Nd2 Nxd2 23. Qxd2 g6 24. Qc2 Qb4 25. Rc1 Kg7 26. g3 Ne8 27.
Na2 Qa3 28. Rb1 Rxb1+ 29. Qxb1 Nd6 30. Qb4 Qxa2 31. Qxd6 Qb1+ 32. Kg2 Qe4+ 33.
Kh2 Qc2 34. Qe5+ Kg8 35. Qf6 h5 36. g4 hxg4 37. hxg4 c5 38. dxc5 Qxc5 39. Kg3
Qc4 40. Kh4 Qe4 41. Kg5 Qe8 42. Qd4 Qe7+ 43. Kf4 Qd6+ 44. Kf3 Qe6 45. Kg3 Qd6+
46. f4 g5 47. Kf3 Qh6 48. fxg5 Qxg5 49. Qf4 Qe7 50. Qf5 Qe6 1/2-1/2

[Event "18. Copenhagen Open (Politiken Cup)"]
[Site "Brondby"]
[Date "1996.??.??"]
[Round "8"]
[White "Jorgensen, Stig E"]
[Black "Guindy, Esmat"]
[Result "1/2-1/2"]
[WhiteElo "2065"]
[BlackElo "2060"]
[PlyCount "61"]
[EventDate "1996.??.??"]
[EventType "swiss"]
[EventRounds "11"]
[EventCountry "DEN"]
[SourceDate "2004.01.01"]

1. e4 e6 2. d4 d5 3. e5 c5 4. c3 Nc6 5. Nf3 Bd7 6. a3 c4 7. Be3 Na5 8. Nbd2 Bc6
9. Be2 Qd7 10. O-O Ne7 11. Ne1 Nc8 12. f4 g6 13. Kh1 h5 14. Nef3 Nb6 15. Bf2
O-O-O 16. Bh4 Be7 17. Qe1 Kb8 18. Bg5 Rc8 19. Qh4 Bd8 20. Bf6 Rg8 21. Qg5 Ba4
22. Bd1 Rc6 23. Rf2 Bxd1 24. Rxd1 Na4 25. Nf1 Rb6 26. Rdd2 Nb3 27. Rc2 Re8 28.
Bxd8 Qxd8 29. Qxd8+ Rxd8 30. Ng5 Rd7 31. Ne3 1/2-1/2

[Event "18. Copenhagen Open (Politiken Cup)"]
[Site "Brondby"]
[Date "1996.??.??"]
[Round "8"]
[White "Koch, Wolfgang Max"]
[Black "Koskinen, Henri"]
[Result "1-0"]
[WhiteElo "2325"]
[BlackElo "2230"]
[PlyCount "129"]
[EventDate "1996.??.??"]
[EventType "swiss"]
[EventRounds "11"]
[EventCountry "DEN"]
[SourceDate "2004.01.01"]

1. d4 f5 2. g3 Nf6 3. Bg2 g6 4. c4 Bg7 5. Nf3 d6 6. O-O O-O 7. d5 c6 8. Nc3 e5
9. dxc6 bxc6 10. b3 e4 11. Nd4 Re8 12. Ba3 Ng4 13. h3 Qb6 14. hxg4 Qxd4 15.
Qxd4 Bxd4 16. Rac1 Rd8 17. Rfd1 Be5 18. e3 Kf7 19. Rd2 Ke7 20. gxf5 gxf5 21. g4
Na6 22. gxf5 Bxc3 23. Rxc3 Bxf5 24. Rd4 Nc5 25. b4 Ne6 26. Rxe4 Bxe4 27. Bxe4
Rac8 28. Bxh7 Ng5 29. Bf5 Rg8 30. Kf1 Rcf8 31. e4 Ne6 32. Rd3 Rh8 33. Bxe6 Kxe6
34. Bb2 Rh1+ 35. Ke2 Rb1 36. Rd2 Rg8 37. a3 Rgg1 38. Rc2 a6 39. a4 Rge1+ 40.
Kf3 Kd7 41. b5 c5 42. Kf4 Rbd1 43. bxa6 Rg1 44. Kf5 Rg8 45. f4 Rh1 46. Bf6 Kc6
47. e5 dxe5 48. fxe5 Rd1 49. Re2 Rf1+ 50. Ke6 Ra8 51. Rd2 Re8+ 52. Be7 Rf4 53.
Rd6+ Kc7 54. Rd8 Rxd8 55. Bxd8+ Kc6 56. a7 Kb7 57. Kd5 Rd4+ 58. Kxc5 Rxd8 59.
e6 Kc7 60. a5 Kb7 61. e7 Rc8+ 62. Kd6 Rc6+ 63. Kd7 Rc7+ 64. Ke6 Rxc4 65. a8=Q+
1-0

[Event "18. Copenhagen Open (Politiken Cup)"]
[Site "Brondby"]
[Date "1996.??.??"]
[Round "8"]
[White "Kogan, Artur"]
[Black "Sher, Miron"]
[Result "1-0"]
[WhiteElo "2485"]
[BlackElo "2500"]
[PlyCount "79"]
[EventDate "1996.??.??"]
[EventType "swiss"]
[EventRounds "11"]
[EventCountry "DEN"]
[SourceDate "2004.01.01"]

1. Nf3 c5 2. g3 g6 3. Bg2 Bg7 4. O-O Nc6 5. e4 e5 6. a3 Nge7 7. b4 cxb4 8. axb4
Nxb4 9. Ba3 Nec6 10. c3 Na6 11. d4 d6 12. Nbd2 O-O 13. Nc4 exd4 14. Nxd4 Qd7
15. Bxd6 Re8 16. e5 Nxd4 17. cxd4 Nc7 18. Qb3 Nb5 19. Rfd1 Rd8 20. Nb6 axb6 21.
Rxa8 Nxd6 22. exd6 Qxd6 23. d5 Bf6 24. Bf1 Kg7 25. Bb5 h5 26. Qe3 Bg4 27. Rxd8
Bxd8 28. f3 Bf5 29. Kg2 Bf6 30. Be2 Be5 31. g4 hxg4 32. fxg4 Bd7 33. h4 b5 34.
h5 Bf4 35. Qd4+ Be5 36. Qd3 b4 37. Rh1 Bc3 38. Qf3 Be8 39. Bd3 Qe5 40. Qe4 1-0

[Event "18. Copenhagen Open (Politiken Cup)"]
[Site "Brondby"]
[Date "1996.??.??"]
[Round "8"]
[White "Kosebay, Osman"]
[Black "Wallace, John Paul"]
[Result "1-0"]
[WhiteElo "2220"]
[BlackElo "2370"]
[PlyCount "73"]
[EventDate "1996.??.??"]
[EventType "swiss"]
[EventRounds "11"]
[EventCountry "DEN"]
[SourceDate "2004.01.01"]

1. e4 c5 2. Nf3 e6 3. d4 cxd4 4. Nxd4 Nc6 5. Nc3 Qc7 6. Be2 Nf6 7. O-O a6 8.
Kh1 Be7 9. f4 d6 10. Be3 O-O 11. Qe1 Nd7 12. Qg3 Bf6 13. Rad1 Rb8 14. Nf3 b5
15. e5 dxe5 16. Ne4 Be7 17. fxe5 f5 18. Bh6 Rf7 19. Nd6 Bxd6 20. exd6 Qb6 21.
Ng5 f4 22. Qd3 Rf5 23. Nxe6 Rf6 24. Ng5 Nf8 25. Qb3+ Be6 26. Nxe6 Nxe6 27. Bg5
Rg6 28. Bh5 Ncd4 29. Rxd4 Qxd4 30. Bxg6 Qc4 31. Qxc4 bxc4 32. Re1 Nxg5 33. d7
Rf8 34. Re8 Ne6 35. Rxe6 hxg6 36. Re8 Kf7 37. Rxf8+ 1-0

[Event "18. Copenhagen Open (Politiken Cup)"]
[Site "Brondby"]
[Date "1996.??.??"]
[Round "8"]
[White "Lilja, Richard"]
[Black "Eriksson, Ingela S"]
[Result "1/2-1/2"]
[WhiteElo "2170"]
[BlackElo "2095"]
[PlyCount "52"]
[EventDate "1996.??.??"]
[EventType "swiss"]
[EventRounds "11"]
[EventCountry "DEN"]
[SourceDate "2004.01.01"]

1. e4 d5 2. exd5 Qxd5 3. Nc3 Qa5 4. d4 Nf6 5. Nf3 c6 6. Bc4 Bf5 7. Bd2 e6 8.
Qe2 Qc7 9. Bb3 Nbd7 10. O-O-O O-O-O 11. Ng5 Nb6 12. Qe5 Rd7 13. Qa5 Kb8 14. f3
h6 15. Nge4 Rxd4 16. Ne2 Rxd2 17. Nxd2 Nfd5 18. Bxd5 cxd5 19. Qc3 Qd7 20. Nd4
Bg6 21. f4 Bd6 22. g3 Qa4 23. Nb1 Qxa2 24. Qb3 Qa5 25. Qb5 Qa2 26. Qb3 Qa5
1/2-1/2

[Event "18. Copenhagen Open (Politiken Cup)"]
[Site "Brondby"]
[Date "1996.??.??"]
[Round "8"]
[White "Maksimenko, Andrei"]
[Black "Kulaots, Kaido"]
[Result "1/2-1/2"]
[WhiteElo "2545"]
[BlackElo "2400"]
[PlyCount "105"]
[EventDate "1996.??.??"]
[EventType "swiss"]
[EventRounds "11"]
[EventCountry "DEN"]
[SourceDate "2004.01.01"]

1. d4 Nf6 2. c4 e6 3. Nc3 d5 4. cxd5 exd5 5. Bg5 c6 6. e3 h6 7. Bh4 Bf5 8. Qf3
Bg6 9. Bxf6 Qxf6 10. Qxf6 gxf6 11. Kd2 Nd7 12. Bd3 Rg8 13. g3 Nb6 14. b3 Nc8
15. Nge2 Nd6 16. f3 Bxd3 17. Kxd3 f5 18. Nf4 O-O-O 19. Rae1 Ne8 20. Rhf1 Bb4
21. Re2 Nd6 22. Na4 b6 23. Nc3 Kb7 24. Rc2 Bxc3 25. Rxc3 Nb5 26. Rc2 a5 27. Ne2
Rd6 28. Rg1 h5 29. Nf4 Rh6 30. a4 Nc7 31. Rgc1 Na6 32. Rg2 Nb4+ 33. Kd2 Kc7 34.
h3 Kd6 35. Rcg1 c5 36. dxc5+ bxc5 37. g4 hxg4 38. fxg4 fxg4 39. hxg4 d4 40. g5
Rh4 41. Rf2 Re8 42. exd4 cxd4 43. g6 fxg6 44. Rxg6+ Kc7 45. Rg7+ Kb6 46. Rg6+
Kc7 47. Ne6+ Kb8 48. Nc5 Rh3 49. Na6+ Nxa6 50. Rxa6 Rxb3 51. Rf5 d3 52. Rb5+
Rxb5 53. axb5 1/2-1/2

[Event "18. Copenhagen Open (Politiken Cup)"]
[Site "Brondby"]
[Date "1996.??.??"]
[Round "8"]
[White "Mortensen, Erling"]
[Black "Hutters, Tomas"]
[Result "1/2-1/2"]
[WhiteElo "2430"]
[BlackElo "2435"]
[PlyCount "131"]
[EventDate "1996.??.??"]
[EventType "swiss"]
[EventRounds "11"]
[EventCountry "DEN"]
[SourceDate "2004.01.01"]

1. e4 c5 2. Nf3 d6 3. d4 cxd4 4. Nxd4 Nf6 5. Nc3 a6 6. Be2 e6 7. f4 Qc7 8. O-O
Be7 9. Kh1 O-O 10. a4 Nc6 11. Be3 Rd8 12. Qe1 Nxd4 13. Bxd4 e5 14. Bg1 b6 15.
Bd3 Bb7 16. Qf2 Rdb8 17. Qe2 Re8 18. fxe5 dxe5 19. Rf5 Bc5 20. Bxc5 Qxc5 21.
Raf1 Qd6 22. Bc4 Bc8 23. Rg5 h6 24. Rg3 Ra7 25. h3 Rd8 26. Rd3 Qe7 27. Nd5 Nxd5
28. Bxd5 Be6 29. c4 Bxd5 30. cxd5 b5 31. axb5 axb5 32. Rb3 b4 33. Qc4 Rb8 34.
Rc1 Qd6 35. Rd3 Ra6 36. Rd2 Rab6 37. b3 Ra6 38. Rdc2 Kf8 39. Qe2 Kg8 40. Qg4 g6
41. Qf3 Qf6 42. Qd3 Rba8 43. Qd2 Qf4 44. Qxb4 Ra1 45. Qe1 Rxc1 46. Rxc1 Rb8 47.
d6 Rd8 48. Rd1 Qf6 49. Qd2 Qe6 50. Qd3 f5 51. Kg1 h5 52. exf5 gxf5 53. Qg3+ Kf7
54. Qg5 Rxd6 55. Rxd6 Qxd6 56. Qxf5+ Ke7 57. Qe4 Qd1+ 58. Kh2 Kd6 59. b4 Qd4
60. Qxd4+ exd4 61. Kg3 Kd5 62. Kf2 Kc4 63. g4 hxg4 64. hxg4 Kxb4 65. g5 Kc3 66.
g6 1/2-1/2

[Event "18. Copenhagen Open (Politiken Cup)"]
[Site "Brondby"]
[Date "1996.??.??"]
[Round "8"]
[White "Nielsen, Jacob Woge"]
[Black "Lejlic, Samir"]
[Result "0-1"]
[WhiteElo "2150"]
[BlackElo "2420"]
[PlyCount "79"]
[EventDate "1996.??.??"]
[EventType "swiss"]
[EventRounds "11"]
[EventCountry "DEN"]
[SourceDate "2004.01.01"]

1. e4 e5 2. Nf3 Nc6 3. Bb5 a6 4. Ba4 d6 5. c4 Nf6 6. Nc3 Bg4 7. d4 b5 8. dxe5
Nxe5 9. cxb5 Be7 10. Bf4 Nfd7 11. h3 Bxf3 12. gxf3 O-O 13. Bxe5 Nxe5 14. f4 Ng6
15. Qg4 Bf6 16. O-O axb5 17. Bxb5 Ra5 18. a4 Bxc3 19. bxc3 f5 20. exf5 Nh4 21.
Rae1 Qf6 22. Re6 Qxf5 23. Re7 Qxg4+ 24. hxg4 Rxf4 25. Rxc7 Rxg4+ 26. Kh1 Nf3
27. Rc4 Rg5 28. Rf4 Rh5+ 29. Kg2 Nh4+ 30. Kg3 Nf5+ 31. Kf3 g6 32. Ke4 Rh3 33.
Rf3 Rh4+ 34. Kd3 Ra7 35. Rb1 Kg7 36. Rb4 Rh1 37. Kc4 h5 38. Kd5 Rc7 39. c4 Rd1+
40. Ke6 0-1

[Event "18. Copenhagen Open (Politiken Cup)"]
[Site "Brondby"]
[Date "1996.??.??"]
[Round "8"]
[White "Nilsson, Lars"]
[Black "Hansen, Henrik Michael"]
[Result "1-0"]
[WhiteElo "2200"]
[BlackElo "2110"]
[PlyCount "129"]
[EventDate "1996.??.??"]
[EventType "swiss"]
[EventRounds "11"]
[EventCountry "DEN"]
[SourceDate "2004.01.01"]

1. e4 e5 2. Nf3 d6 3. d4 Nf6 4. Nc3 Nbd7 5. Bc4 Be7 6. h3 c6 7. Be3 b5 8. Bd3
a6 9. O-O O-O 10. Ne2 Bb7 11. c3 Qc7 12. Rc1 Rad8 13. Nd2 d5 14. f4 exd4 15.
cxd4 dxe4 16. Bxe4 Nxe4 17. Nxe4 Nf6 18. Nc5 Rfe8 19. Rf3 Nd5 20. Bf2 Bd6 21.
f5 Bxc5 22. Rxc5 Qe7 23. Nc1 Nf6 24. Qc2 Nd7 25. Rcc3 c5 26. Rfe3 Qg5 27. Rg3
Qf4 28. Rg4 Qd6 29. dxc5 Qc6 30. Rcg3 Nf6 31. Rxg7+ Kh8 32. Qc3 Rg8 33. Rxg8+
Rxg8 34. Rxg8+ Kxg8 35. Qg3+ Kf8 36. Bd4 Nh5 37. Qg5 f6 38. Qg4 Nf4 39. Bxf6
Nxh3+ 40. Qxh3 Qxf6 41. Nd3 Be4 42. Qe3 Qxf5 43. Nf2 Bd5 44. Qh6+ Ke8 45. Qxa6
Qb1+ 46. Kh2 Qxb2 47. Qc8+ Ke7 48. Qc7+ Ke8 49. Qb8+ Kf7 50. Qf4+ Ke8 51. a4
bxa4 52. Qxa4+ Kd8 53. Qf4 Qa2 54. Qd6+ Ke8 55. Qe5+ Kd7 56. Ne4 Bxe4 57. Qxe4
h6 58. Qb7+ Ke8 59. Qc8+ Ke7 60. Qb7+ Kf6 61. Qb6+ Kg5 62. c6 Qd2 63. Qc5+ Kh4
64. Qe5 h5 65. Qg3# 1-0

[Event "18. Copenhagen Open (Politiken Cup)"]
[Site "Brondby"]
[Date "1996.??.??"]
[Round "8"]
[White "Nilsson, Nils Specht"]
[Black "Jelling, Erik"]
[Result "1/2-1/2"]
[WhiteElo "2225"]
[BlackElo "2415"]
[PlyCount "47"]
[EventDate "1996.??.??"]
[EventType "swiss"]
[EventRounds "11"]
[EventCountry "DEN"]
[SourceDate "2004.01.01"]

1. d4 g6 2. Nf3 Bg7 3. c4 c5 4. d5 e5 5. e4 d6 6. Nc3 Ne7 7. Be2 O-O 8. O-O Nd7
9. a3 f5 10. exf5 gxf5 11. Ng5 Nf6 12. f4 e4 13. Be3 b6 14. Qd2 h6 15. Ne6 Bxe6
16. dxe6 d5 17. cxd5 Nfxd5 18. Nxd5 Nxd5 19. Bc4 Nxe3 20. e7+ Nxc4 21. exd8=Q
Raxd8 22. Qe2 Ne3 23. Rfe1 Rd3 24. Kh1 1/2-1/2

[Event "18. Copenhagen Open (Politiken Cup)"]
[Site "Brondby"]
[Date "1996.??.??"]
[Round "8"]
[White "Olsen, Heini"]
[Black "Lynge, Michael"]
[Result "1-0"]
[WhiteElo "2325"]
[BlackElo "2170"]
[PlyCount "63"]
[EventDate "1996.??.??"]
[EventType "swiss"]
[EventRounds "11"]
[EventCountry "DEN"]
[SourceDate "2004.01.01"]

1. Nf3 g6 2. c4 Bg7 3. d4 d6 4. g3 Nd7 5. Bg2 e5 6. Nc3 Ne7 7. O-O O-O 8. e4
exd4 9. Nxd4 Nc6 10. Ndb5 Nde5 11. Na3 Nd4 12. f3 f5 13. f4 Nec6 14. Re1 Be6
15. exf5 Bxf5 16. Be3 Qd7 17. Qd2 Rae8 18. Nd5 a6 19. Rf1 Be4 20. Rae1 Bxg2 21.
Kxg2 Nf5 22. Bf2 h5 23. b3 Ncd4 24. Nc2 Rxe1 25. Rxe1 Nh4+ 26. gxh4 Qg4+ 27.
Bg3 Nf3 28. Qe3 Nxe1+ 29. Nxe1 Qd1 30. Nxc7 Bd4 31. Qf3 Kh8 32. Qxd1 1-0

[Event "18. Copenhagen Open (Politiken Cup)"]
[Site "Brondby"]
[Date "1996.??.??"]
[Round "8"]
[White "Preuss, Flemming"]
[Black "Nielsen, Carsten Juul"]
[Result "1/2-1/2"]
[WhiteElo "2100"]
[BlackElo "2080"]
[PlyCount "44"]
[EventDate "1996.??.??"]
[EventType "swiss"]
[EventRounds "11"]
[EventCountry "DEN"]
[SourceDate "2004.01.01"]

1. e4 Nc6 2. Nc3 Nf6 3. d4 d6 4. Nf3 Bg4 5. Be2 e6 6. Be3 Be7 7. Qd2 a6 8. O-O
O-O 9. Rad1 Na5 10. e5 Nd7 11. Bf4 Bxf3 12. Bxf3 Nc4 13. Qe2 d5 14. b3 Na3 15.
Nb1 Nxb1 16. Rxb1 c6 17. c4 b5 18. c5 Re8 19. g3 f5 20. h4 g6 21. Qd2 Kf7 22.
Kg2 h5 1/2-1/2

[Event "18. Copenhagen Open (Politiken Cup)"]
[Site "Brondby"]
[Date "1996.??.??"]
[Round "8"]
[White "Pyda, Zbigniew"]
[Black "Molvig, Henrik"]
[Result "1-0"]
[WhiteElo "2305"]
[BlackElo "2180"]
[PlyCount "139"]
[EventDate "1996.??.??"]
[EventType "swiss"]
[EventRounds "11"]
[EventCountry "DEN"]
[SourceDate "2004.01.01"]

1. d4 Nf6 2. c4 g6 3. Nc3 Bg7 4. e4 d6 5. h3 O-O 6. Bg5 c5 7. d5 b5 8. cxb5 a6
9. a4 Qa5 10. Bd2 Qb4 11. Bd3 Nfd7 12. Nf3 axb5 13. axb5 Rxa1 14. Qxa1 c4 15.
Bc2 f5 16. exf5 gxf5 17. O-O Ne5 18. Nxe5 dxe5 19. Qa3 Qd6 20. Qxd6 exd6 21. b3
cxb3 22. Bxb3 Nd7 23. Na4 e4 24. Bb4 Be5 25. Rc1 f4 26. Rc6 e3 27. Kf1 Nf6 28.
fxe3 fxe3 29. Ke2 Re8 30. Bxd6 Bxd6 31. Rxd6 Ne4 32. Re6 Bxe6 33. dxe6 Nd6 34.
b6 Nf5 35. Bd5 Kf8 36. b7 Ke7 37. Nc5 Kd6 38. Nd7 Kxd5 39. Nf6+ Kc6 40. Nxe8
Kxb7 41. Nf6 Kc6 42. g4 Nd4+ 43. Kxe3 Nxe6 44. Nxh7 Kd5 45. Nf6+ Ke5 46. Nd7+
Kd6 47. Nb6 Ke5 48. Nc4+ Kf6 49. h4 Nf8 50. Kf4 Ne6+ 51. Kg3 Kg6 52. Ne5+ Kf6
53. Nf3 Ng7 54. Ng5 Kg6 55. Nf3 Kh6 56. Kf4 Ne6+ 57. Ke5 Nf8 58. Kf5 Ng6 59. h5
Ne7+ 60. Ke4 Ng8 61. Kf4 Ne7 62. Kg3 Nd5 63. Kh4 Ne3 64. g5+ Kh7 65. Nd4 Kg7
66. Kg3 Nd5 67. Kf3 Nc3 68. Kf4 Nd5+ 69. Ke5 Ne3 70. Nf5+ 1-0